INTRODUCTION TO FORESTRY (Record no. 5638)

MARC details
000 -LEADER
fixed length control field 00393nam a22001577a 4500
005 - DATE AND TIME OF LATEST TRANSACTION
control field 20171025123340.0
008 - FIXED-LENGTH DATA ELEMENTS--GENERAL INFORMATION
fixed length control field 171025b xxu||||| |||| 00| 0 eng d
020 ## - INTERNATIONAL STANDARD BOOK NUMBER
ISBN 978-93-272-7445-5
041 ## - LANGUAGE CODE
Language code of text/sound track or separate title eng
082 ## - DEWEY DECIMAL CLASSIFICATION NUMBER
Classification number 634.9
100 ## - MAIN ENTRY--AUTHOR NAME
Personal name REDDY, SR AND NAGAMANI, C
245 ## - TITLE STATEMENT
Title INTRODUCTION TO FORESTRY
260 ## - PUBLICATION, DISTRIBUTION, ETC. (IMPRINT)
Place of publication LUDHIYANA
Name of publisher KALYANI PUBLESHERS
Year of publication 2017
300 ## - PHYSICAL DESCRIPTION
Number of Pages 176p.
942 ## - ADDED ENTRY ELEMENTS (KOHA)
Koha item type Books
Holdings
Lost status Damaged status Collection code Home library Current library Shelving location Date acquired Source of acquisition Cost, normal purchase price Full call number Accession Number Koha item type
    AGRICULTURE JRU Library JRU Library SHELF-44-E 25/10/2017 PURCHESS 225.00 634.9 22205 Books
    AGRICULTURE JRU Library JRU Library SHELF-16-D 25/10/2017 PURCHESS 225.00 634.9 22206 Books
    Reference JRU Library JRU Library SHELF-44-E 25/10/2017 PURCHESS 225.00 634.9 22207 Books
    AGRICULTURE JRU Library JRU Library SHELF-44-E 25/10/2017 PURCHESS 225.00 634.9 22208 Books
    AGRICULTURE JRU Library JRU Library SHELF-44-E 25/10/2017 PURCHESS 225.00 634.9 22209 Books
    AGRICULTURE JRU Library JRU Library SHELF-44-E 25/10/2017 PURCHESS 225.00 634.9 22210 Books
    AGRICULTURE JRU Library JRU Library SHELF-2-C 25/10/2017 PURCHESS 225.00 634.9 22211 Books